000 01179nam a2200313Ia 4500
001 ebr10174050
003 CaPaEBR
006 m u
007 cr cn|||||||||
008 051121s2005 enk sb 001 0 eng d
020 _z1860945791 (hbk.)
040 _aCaPaEBR
_cCaPaEBR
035 _a(OCoLC)232160005
050 1 4 _aQC793.3.G38
_bO43 2005eb
100 1 _aOeckl, Robert.
245 1 0 _aDiscrete gauge theory
_h[electronic resource] :
_bfrom lattices to TQFT /
_cRobert Oeckl.
260 _aLondon :
_bImperial College Press,
_c2005.
300 _axii, 202 p.
504 _aIncludes bibliographical references and index.
533 _aElectronic reproduction.
_bPalo Alto, Calif. :
_cebrary,
_d2009.
_nAvailable via World Wide Web.
_nAccess may be limited to ebrary affiliated libraries.
650 0 _aGauge fields (Physics)
650 0 _aQuantum groups.
650 0 _aQuantum field theory.
650 0 _aQuantum gravity.
650 0 _aHopf algebras.
655 7 _aElectronic books.
_2local
710 2 _aebrary, Inc.
856 4 0 _uhttp://site.ebrary.com/lib/rucke/Doc?id=10174050
_zAn electronic book accessible through the World Wide Web; click to view
999 _c138282
_d138282